000 00600nam a2200217Ia 4500
008 191130s1977##################000#0#eng##
020 _a9780714818030
022 _a77080140
040 _aACL
_cACL
082 _a759.9494 KLE
100 _aKlee, Paul
245 _aKlee
_c[text by] Douglas Hall
260 _aOxford
_bPhaidon
_c1977
300 _a16 p., [48] p. of plates : col. ill. ; 31 cm
500 _aBibliography: p. 16
650 _aKlee, Paul, 1879-1940 - Catalogs
700 _aHall, Douglas
990 _a389b2ffdac10000c5eb741cffc5065c2
991 _a428560
999 _c226685
_d226685